000 00743 a2200229 4500
001 000
003 000
005 20251017151044.0
020 _a9781630576264
040 _erda
050 _aTA 174 .S55
100 _aShih, Randy H.
245 _aParametric Modeling with SOLIDWORKS 2024
_bCovers material found on the CSWA exam
264 _aMission
_bSDC Publications
_c2024
300 _axviii
336 _2rdacontent
338 _2rdacarrier
504 _aIncludes Index
650 _2Computer-aided design.
_v
_xSOLIDWORKS (Computer file).
651 _2Solid modeling (Computer graphics).
_vParametric design.
_xEngineering graphics.
942 _2lcc
_cBK
999 _c43916
_d43916